[Event "14. Off. Herner Stadtmeisterschaft 2011"]
[Site "?"]
[Date "2011.03.01"]
[Round "4.16"]
[White "Janke, Anatoli"]
[Black "Markert, Dirk"]
[Result "1/2-1/2"]
[WhiteElo "1802"]
[BlackElo "1859"]
[PlyCount "88"]
[EventDate "2011.??.??"]
[WhiteTeam "SK Dülmen 1952"]
[BlackTeam "SV Kamen 1930"]

1. c4 e6 2. Nc3 d5 3. e3 c5 4. d4 Nc6 5. Nf3 Nf6 6. Bd2 Be7 7. cxd5 Nxd5 8. Be2
O-O 9. O-O cxd4 10. exd4 Bf6 11. Be3 Nxe3 12. fxe3 g6 13. Rc1 Bg7 14. Bc4 Qb6
15. Qb3 Qxb3 16. Bxb3 Bd7 17. a3 Rac8 18. Ne4 Na5 19. Ba2 b6 20. Nd6 Rc6 21.
Rxc6 Nxc6 22. b4 a6 23. Nc4 Rb8 24. Ng5 Nd8 25. Ne5 Bxe5 26. dxe5 Bc6 27. Rc1
h6 28. Nf3 Rc8 29. Nd4 Kf8 30. Kf2 Ke7 31. e4 Bb7 32. Rxc8 Bxc8 33. Ke3 Kd7 34.
Bc4 Kc7 35. g3 Kb7 36. Bf1 Bd7 37. Be2 Ka7 38. Bf1 a5 39. Bc4 Kb8 40. Ba6 Bc8
41. Bb5 Kc7 42. Bf1 Bd7 43. Be2 Ba4 44. Bc4 Bc6 1/2-1/2

[Event "14. Off. Herner Stadtmeisterschaft 2011"]
[Site "?"]
[Date "2011.03.01"]
[Round "4.20"]
[White "Wiesemann, Peter"]
[Black "Hartmann, Thomas"]
[Result "1-0"]
[WhiteElo "1697"]
[BlackElo "1509"]
[PlyCount "107"]
[EventDate "2011.??.??"]
[WhiteTeam "Elberfelder SG"]
[BlackTeam "SK-Herne-Sodingen 24"]

1. d4 Nf6 2. Bg5 e6 3. e4 Be7 4. Bd3 O-O 5. Nf3 Nc6 6. c3 b6 7. O-O Bb7 8. Nbd2
d6 9. Re1 e5 10. d5 Nb8 11. Bxf6 Bxf6 12. b4 c6 13. c4 c5 14. bxc5 bxc5 15. Rb1
Qc7 16. Rb2 Nd7 17. Qa4 Rfb8 18. Reb1 Bc8 19. Rb5 a6 20. Rxb8 Rxb8 21. Rxb8
Qxb8 22. Nb3 Qb4 23. Qc6 Qb8 24. Be2 Bd8 25. Nfd2 Qc7 26. Qxc7 Bxc7 27. Bg4 g6
28. g3 h5 29. Bh3 g5 30. Bf5 Kf8 31. Kg2 Ke7 32. f4 gxf4 33. gxf4 exf4 34. Kh3
Kd8 35. Kh4 Nf6 36. Kg5 Bxf5 37. Kxf5 Ke7 38. Kxf4 Bd8 39. Nf3 Kf8 40. h3 Kg7
41. e5 dxe5+ 42. Kxe5 Bc7+ 43. Kf5 Bd6 44. Ne5 Be7 45. Nd2 Nh7 46. Ne4 Nf8 47.
Nc6 Ng6 48. d6 Nh4+ 49. Ke5 Nf3+ 50. Kf4 Bg5+ 51. Nxg5 Nxg5 52. Kxg5 f6+ 53.
Kf5 Kf7 54. d7 1-0

[Event "14. Off. Herner Stadtmeisterschaft 2011"]
[Site "?"]
[Date "2011.03.01"]
[Round "4.2"]
[White "Wickenfeld, Stefan"]
[Black "Kock, Wolfgang"]
[Result "0-1"]
[WhiteElo "1987"]
[BlackElo "2134"]
[PlyCount "128"]
[EventDate "2011.??.??"]
[WhiteTeam "SK Herne-Sodingen 24"]
[BlackTeam "SV Castrop-Rauxel 23"]

1. e4 d5 2. exd5 Qxd5 3. Nc3 Qa5 4. Nf3 Nf6 5. Be2 c6 6. O-O Bg4 7. d4 e6 8.
Ne5 Bxe2 9. Qxe2 Nbd7 10. Bf4 Qd8 11. Ne4 Nxe4 12. Qxe4 Nf6 13. Qd3 Be7 14.
Rad1 O-O 15. c3 Qd5 16. a3 Rad8 17. Rfe1 Qb3 18. Re3 c5 19. Rh3 cxd4 20. cxd4
Qxd3 21. Rhxd3 Nd5 22. Be3 Rc8 23. Kf1 f6 24. Nf3 Rc2 25. R3d2 Rfc8 26. Ne1
R2c4 27. Ke2 f5 28. g3 g5 29. f3 f4 30. Bf2 Bf6 31. Kd3 Kf7 32. Rc2 Rxc2 33.
Nxc2 Rd8 34. Ke4 a5 35. Ne1 Rc8 36. Rd2 Be7 37. Rc2 Rd8 38. gxf4 gxf4 39. Nd3
Bd6 40. Ne5+ Bxe5 41. dxe5 Rg8 42. Be1 b6 43. Re2 Rc8 44. Bd2 Rc2 45. b4 axb4
46. axb4 Rc4+ 47. Kd3 b5 48. Re4 Rc7 49. Bxf4 Rd7 50. Kc2 Kg6 51. Bd2 Kf5 52.
Re2 Rc7+ 53. Kb3 Rc4 54. Rg2 Kxe5 55. Rg4 Rxg4 56. fxg4 Ke4 57. Kc2 Ne3+ 58.
Bxe3 Kxe3 59. g5 Kf4 60. Kd3 Kxg5 61. Kd4 Kf4 62. Kc5 e5 63. Kxb5 e4 64. Kc6 e3
0-1

[Event "14. Off. Herner Stadtmeisterschaft 2011"]
[Site "?"]
[Date "2011.03.01"]
[Round "4.4"]
[White "Fischöder, Heiko"]
[Black "Ribbeheger, Edgar"]
[Result "1/2-1/2"]
[WhiteElo "1989"]
[BlackElo "1978"]
[PlyCount "46"]
[EventDate "2011.??.??"]
[WhiteTeam "SV Unser Fritz W-E"]
[BlackTeam "SK Herne-Sodingen 24"]

1. d4 d6 2. c4 e5 3. dxe5 dxe5 4. Qxd8+ Kxd8 5. Nf3 f6 6. Nc3 c6 7. e3 Be6 8.
Be2 a5 9. Bd2 Nd7 10. Rc1 Nc5 11. O-O Nh6 12. Rfd1 Kc7 13. Be1 Be7 14. Nd2 Rhd8
15. Nb3 Rxd1 16. Rxd1 Nxb3 17. axb3 Bb4 18. Kf1 b6 19. Bf3 Bf5 20. Nb5+ Kb7 21.
Bxb4 axb4 22. Nd6+ Kc7 23. Nb5+ Kb7 1/2-1/2

[Event "14. Off. Herner Stadtmeisterschaft 2011"]
[Site "?"]
[Date "2011.03.01"]
[Round "4.7"]
[White "Schmidt, Ralph"]
[Black "Funke, Eckhard"]
[Result "1-0"]
[WhiteElo "1844"]
[BlackElo "1923"]
[PlyCount "81"]
[EventDate "2011.??.??"]
[WhiteTeam "SV Linden-Dahlhausen"]
[BlackTeam "SG Höntrop 1947"]

1. e4 c5 2. Nf3 d6 3. d4 cxd4 4. Nxd4 Nf6 5. Bd3 Bg4 6. f3 Bd7 7. Qe2 Nc6 8. c3
a6 9. Be3 e6 10. Nd2 Be7 11. Rd1 Qc7 12. Qf2 O-O 13. O-O Ne5 14. Bc2 b5 15. h3
Nc4 16. Nxc4 bxc4 17. Rfe1 Rab8 18. Bc1 e5 19. Nf5 Bxf5 20. exf5 d5 21. Kh1
Rbd8 22. Be3 Rb8 23. Bb1 Qb7 24. Bc1 Bd6 25. g4 Rfe8 26. g5 Nh5 27. g6 fxg6 28.
fxg6 e4 29. fxe4 hxg6 30. exd5 Rxe1+ 31. Qxe1 Qd7 32. Qe6+ Qxe6 33. dxe6 Be7
34. Bxg6 Ng3+ 35. Kg2 Ne2 36. Rd7 Kf8 37. Be3 Rxb2 38. Kf3 Nxc3 39. Bd4 Rxa2
40. Rc7 Bd6 41. Rc8+ 1-0

[Event "14. Off. Herner Stadtmeisterschaft 2011"]
[Site "?"]
[Date "2011.03.01"]
[Round "4.8"]
[White "Klinke, Werner"]
[Black "Wimber, Hartmut"]
[Result "1/2-1/2"]
[WhiteElo "1923"]
[BlackElo "1889"]
[PlyCount "59"]
[EventDate "2011.??.??"]
[WhiteTeam "SV Eichlinghofen 1935"]
[BlackTeam "SV Recklinghausen-Süd"]

1. e4 g6 2. Nf3 Bg7 3. Bc4 d6 4. O-O Nf6 5. d3 O-O 6. Nc3 c6 7. Bb3 b5 8. Ne2
a6 9. c3 Qc7 10. a4 Bg4 11. Ng3 Nbd7 12. Be3 Ne5 13. d4 Nxf3+ 14. gxf3 Bh3 15.
Re1 h5 16. Bg5 e6 17. Qd2 e5 18. axb5 axb5 19. dxe5 dxe5 20. Rxa8 Rxa8 21. Rd1
Nd7 22. Be7 Nf8 23. Qg5 Be6 24. Bxe6 Nxe6 25. Qh4 Nf4 26. Kf1 c5 27. Bd8 Qc8
28. Ne2 Ne6 29. Bf6 c4 30. Bxg7 1/2-1/2

[Event "14. Off. Herner Stadtmeisterschaft 2011"]
[Site "?"]
[Date "2011.03.01"]
[Round "4.11"]
[White "Nebel, Uwe"]
[Black "Josten, Severin Johannes"]
[Result "0-1"]
[WhiteElo "2016"]
[BlackElo "1813"]
[PlyCount "78"]
[EventDate "2011.??.??"]
[WhiteTeam "SG Drewer 54"]
[BlackTeam "SV SW Oberhausen"]

1. e4 c5 2. c3 Nf6 3. e5 Nd5 4. d4 cxd4 5. cxd4 d6 6. Nf3 e6 7. Bd2 Nc6 8. Nc3
Nxc3 9. Bxc3 Be7 10. Bd3 d5 11. a3 a6 12. b4 b5 13. Rc1 Qb6 14. Qb3 Bd7 15. O-O
O-O 16. Qb1 h6 17. h4 Rfb8 18. g4 Qd8 19. g5 hxg5 20. hxg5 Bxg5 21. Kg2 f5 22.
Rh1 Bxc1 23. Qxc1 Rc8 24. Ng5 Ne7 25. Rh8+ Kxh8 26. Nf7+ Kg8 27. Nxd8 Rxd8 28.
Bd2 Kf7 29. Bg5 Rac8 30. Bxe7 Rxc1 31. Bxd8 Rc3 32. Be2 Rxa3 33. f4 Ra4 34. Ba5
Kg6 35. Kg3 Kh6 36. Kh4 Ra2 37. Bf3 Rxa5 38. bxa5 b4 39. Bd1 Bb5 0-1

[Event "14. Off. Herner Stadtmeisterschaft 2011"]
[Site "?"]
[Date "2011.03.01"]
[Round "4.14"]
[White "Maczkowiak, Thomas"]
[Black "Burosch, Raimund"]
[Result "1-0"]
[WhiteElo "1932"]
[BlackElo "1254"]
[PlyCount "47"]
[EventDate "2011.??.??"]
[WhiteTeam "SG Ennepe-Ruhr-Süd"]
[BlackTeam "SV Unna 1924"]

1. Nf3 Nf6 2. g3 g6 3. Bg2 Bg7 4. O-O O-O 5. c4 c6 6. Nc3 d5 7. d4 Re8 8. cxd5
cxd5 9. Qb3 e6 10. Bf4 a6 11. Na4 b5 12. Nc5 Nbd7 13. Rac1 Ne4 14. Nxe4 dxe4
15. Ng5 Ra7 16. Nxe4 Bb7 17. Nd6 Bxg2 18. Rc8 Bxf1 19. Rxd8 Rxd8 20. Kxf1 Bxd4
21. Qf3 Be5 22. Nxf7 Rf8 23. Nxe5 Nxe5 24. Qe3 1-0

[Event "14. Off. Herner Stadtmeisterschaft 2011"]
[Site "?"]
[Date "2011.03.01"]
[Round "4.17"]
[White "Odenwald, Andreas"]
[Black "Stenzel, Gerhard"]
[Result "1-0"]
[WhiteElo "1590"]
[BlackElo "1688"]
[PlyCount "59"]
[EventDate "2011.??.??"]
[WhiteTeam "SV Waltrop 1922"]
[BlackTeam "SV Unser Fritz W-E"]

1. Nc3 d5 2. e4 d4 3. Nce2 Nc6 4. Nf3 Bg4 5. Ng3 e5 6. h3 Be6 7. Bb5 Bd6 8. O-O
Nge7 9. Ng5 Bd7 10. Bc4 Be6 11. Nxe6 fxe6 12. Bxe6 Ng6 13. d3 Qf6 14. Nh5 Qf8
15. Qg4 Be7 16. f4 Bf6 17. f5 Nge7 18. Nxf6+ Qxf6 19. Bg5 Qf8 20. f6 gxf6 21.
Qh5+ Kd8 22. Rxf6 Qg7 23. Raf1 Re8 24. Bf7 Rh8 25. Bh6 Qg3 26. R6f3 Rg8 27.
Rxg3 Rxg3 28. Bf8 Kd7 29. Bxe7 Kxe7 30. Qh4+ 1-0

[Event "14. Off. Herner Stadtmeisterschaft 2011"]
[Site "?"]
[Date "2011.03.01"]
[Round "4.18"]
[White "Wenzel, Martin"]
[Black "Sikorski, Thomas"]
[Result "1-0"]
[WhiteElo "1891"]
[BlackElo "1847"]
[PlyCount "53"]
[EventDate "2011.??.??"]
[WhiteTeam "SF Buer 21/74"]
[BlackTeam "SK Herne-Sodingen 24"]

1. d4 c6 2. c4 d6 3. e4 e5 4. Nf3 Nd7 5. Be2 Ngf6 6. Nc3 Be7 7. O-O O-O 8. Qc2
Qc7 9. b3 d5 10. exd5 cxd5 11. Nb5 Qb8 12. dxe5 Nxe5 13. Bb2 Nxf3+ 14. Bxf3 Bd7
15. Rfe1 Qd8 16. Rad1 Bxb5 17. cxb5 Bb4 18. Re5 Rc8 19. Qd3 Bd6 20. Rg5 h6 21.
Rf5 Be7 22. Qd4 Bc5 23. Qh4 Ne4 24. Qg4 Ng5 25. Bxd5 Bxf2+ 26. Rxf2 Qe7 27. h4
1-0

[Event "14. Off. Herner Stadtmeisterschaft 2011"]
[Site "?"]
[Date "2011.03.01"]
[Round "4.21"]
[White "Böcker, Jürgen"]
[Black "Sudrawitz, Günter"]
[Result "1-0"]
[WhiteElo "1690"]
[BlackElo "1307"]
[PlyCount "65"]
[EventDate "2011.??.??"]
[WhiteTeam "Velberter SG"]
[BlackTeam "SV Constantin Herne"]

1. e4 e5 2. Nf3 d6 3. d4 exd4 4. Nxd4 Nf6 5. Nc3 a6 6. Bd3 Be7 7. O-O O-O 8. h3
c5 9. Nf3 h6 10. a4 b6 11. Nd5 Nxd5 12. exd5 Nd7 13. Re1 Nf6 14. c4 Nh7 15. Qe2
Bf6 16. Qe4 g6 17. Bxh6 Bg7 18. Bxg7 Kxg7 19. Qe7 Qxe7 20. Rxe7 Bf5 21. Bxf5
gxf5 22. Rae1 Kf6 23. Rb7 Rab8 24. Ree7 Rxb7 25. Rxb7 Re8 26. Rxb6 Re2 27.
Rxd6+ Ke7 28. Rxa6 Rxb2 29. Ra7+ Kf6 30. a5 Rc2 31. a6 Rxc4 32. Rxf7+ Kg6 33.
Ne5+ 1-0

[Event "14. Off. Herner Stadtmeisterschaft 2011"]
[Site "?"]
[Date "2011.03.01"]
[Round "4.22"]
[White "Remshagen, Peter"]
[Black "Grothuesmann, Heinz"]
[Result "1/2-1/2"]
[WhiteElo "1552"]
[BlackElo "1641"]
[PlyCount "35"]
[EventDate "2011.??.??"]
[WhiteTeam "SG Höntrop 1947"]
[BlackTeam "SK RE-Altstadt 06"]

1. c4 e5 2. Nc3 Nf6 3. g3 Bb4 4. Bg2 O-O 5. e3 Bxc3 6. bxc3 e4 7. Ne2 d6 8. O-O
Bg4 9. h3 Be6 10. Qb3 Qc8 11. Nf4 Bd7 12. Kh2 Re8 13. d4 Nc6 14. Ba3 Na5 15.
Qb4 Nc6 16. Qb2 Na5 17. Qb4 Nc6 18. Qb3 1/2-1/2

[Event "14. Off. Herner Stadtmeisterschaft 2011"]
[Site "?"]
[Date "2011.03.01"]
[Round "4.23"]
[White "Ponto, Michael"]
[Black "Czarnecki, Günter"]
[Result "1-0"]
[WhiteElo "1630"]
[BlackElo "1076"]
[PlyCount "95"]
[EventDate "2011.??.??"]
[WhiteTeam "SV Constantin Herne"]
[BlackTeam "SV Unser Fritz W-E"]

1. e4 e5 2. Nf3 Nc6 3. d4 exd4 4. Nxd4 Nxd4 5. Qxd4 c5 6. Qe5+ Qe7 7. Qf4 Nf6
8. Nc3 d6 9. Be2 g6 10. O-O Bg7 11. Qh4 Bd7 12. Bg5 h6 13. Be3 Bc6 14. f3 g5
15. Qf2 O-O 16. Rad1 Rfd8 17. Bc4 a6 18. e5 dxe5 19. Bxc5 Qe8 20. Bb6 Rxd1 21.
Rxd1 Nd7 22. Be3 b5 23. Bb3 a5 24. Bd5 Bxd5 25. Nxd5 Rc8 26. Qd2 e4 27. c3 exf3
28. gxf3 Ne5 29. Qf2 Qe6 30. Bc5 Qh3 31. Ne7+ Kh7 32. Nxc8 Nxf3+ 33. Kh1 Qxc8
34. Bd6 Qg4 35. Rf1 Nh4 36. Bg3 Qe4+ 37. Kg1 b4 38. Bxh4 gxh4 39. Qf3 Qg6+ 40.
Kh1 bxc3 41. bxc3 Qc2 42. Qxf7 Qxc3 43. Qf5+ Kg8 44. Qf4 h3 45. Rc1 Qb2 46.
Rc8+ Bf8 47. Qxf8+ Kh7 48. Qg8# 1-0

[Event "14. Off. Herner Stadtmeisterschaft 2011"]
[Site "?"]
[Date "2011.03.01"]
[Round "4.25"]
[White "Quäschling, Udo"]
[Black "Przystaw, Andreas"]
[Result "0-1"]
[WhiteElo "1787"]
[BlackElo "1603"]
[PlyCount "60"]
[EventDate "2011.??.??"]
[WhiteTeam "SV Constantin Herne"]
[BlackTeam "SV Constantin Herne"]

1. d4 d6 2. e4 g6 3. Be2 Bg7 4. Nf3 Nd7 5. O-O e5 6. Bc4 exd4 7. Ng5 Nh6 8.
Bxf7+ Nxf7 9. Ne6 Qf6 10. Nxc7+ Kd8 11. Nxa8 Nde5 12. f4 Nc6 13. e5 dxe5 14.
fxe5 Qe7 15. Nc3 Be6 16. b3 Bxe5 17. Nb5 Qh4 18. Bf4 Bxf4 19. g3 Bxg3 20. Qd2
Be5 21. Rae1 Kc8 22. Nac7 Bxc7 23. Rxe6 Qg4+ 24. Kh1 Qxe6 25. Nxc7 Kxc7 26.
Qf4+ Nce5 27. Qxd4 Qc6+ 28. Kg1 Nf3+ 29. Rxf3 Qxf3 30. h4 Rd8 0-1

[Event "14. Off. Herner Stadtmeisterschaft 2011"]
[Site "?"]
[Date "2011.03.01"]
[Round "4.26"]
[White "Grunwald, Günther"]
[Black "Engwald, Siegfried"]
[Result "1-0"]
[WhiteElo "1695"]
[BlackElo "1443"]
[PlyCount "51"]
[EventDate "2011.??.??"]
[WhiteTeam "SV SW Oberhausen"]
[BlackTeam "SK Ickern 60"]

1. e4 e5 2. Nf3 Nc6 3. Bc4 h6 4. d4 exd4 5. Nxd4 Nxd4 6. Qxd4 d6 7. O-O Nf6 8.
e5 dxe5 9. Qxe5+ Qe7 10. Bf4 Qxe5 11. Bxe5 Be6 12. Bxe6 fxe6 13. Re1 Kf7 14.
Nc3 Bd6 15. Nb5 Bxe5 16. Rxe5 Nd7 17. Re2 a6 18. Nxc7 Rac8 19. Nxe6 Rhe8 20.
Rae1 Nf6 21. Nd4 Rxe2 22. Rxe2 Nd5 23. g3 b5 24. c3 Rc4 25. Nf5 b4 26. Nd6+ 1-0

[Event "14. Off. Herner Stadtmeisterschaft 2011"]
[Site "?"]
[Date "2011.03.01"]
[Round "4.28"]
[White "Stratmann, Lars"]
[Black "Säglitz, Patrick"]
[Result "1/2-1/2"]
[WhiteElo "1385"]
[BlackElo "1382"]
[PlyCount "33"]
[EventDate "2011.??.??"]
[WhiteTeam "SV SW Oberhausen"]
[BlackTeam "SC Gerthe 46"]

1. c4 e6 2. Nc3 d5 3. cxd5 exd5 4. g3 Nf6 5. Bg2 c6 6. Nf3 Bd6 7. O-O O-O 8. d3
Nbd7 9. Re1 Re8 10. e4 dxe4 11. dxe4 Bb4 12. Bg5 Qa5 13. Bxf6 Nxf6 14. Qc2 Nxe4
15. Rxe4 Bf5 16. Rxe8+ Rxe8 17. Qc1 1/2-1/2

[Event "14. Off. Herner Stadtmeisterschaft 2011"]
[Site "?"]
[Date "2011.03.01"]
[Round "4.29"]
[White "Rubbert, Horst"]
[Black "Tenhagen, Hermann"]
[Result "1/2-1/2"]
[WhiteElo "1485"]
[BlackElo "1538"]
[PlyCount "27"]
[EventDate "2011.??.??"]
[WhiteTeam "SK Herne-Sodingen 24"]
[BlackTeam "Südlohner SV"]

1. e4 e5 2. Nf3 Nc6 3. d4 exd4 4. Nxd4 Bc5 5. Be3 Qf6 6. c3 Bb6 7. Qd2 h6 8.
Be2 Nge7 9. O-O O-O 10. f4 d6 11. Na3 a6 12. Nac2 Re8 13. Bf3 Bd7 14. Kh1
1/2-1/2

[Event "14. Off. Herner Stadtmeisterschaft 2011"]
[Site "?"]
[Date "2011.03.16"]
[Round "5.2"]
[White "Trzaska, Peter"]
[Black "Wiechen, Ulrich"]
[Result "1/2-1/2"]
[WhiteElo "2126"]
[BlackElo "2152"]
[PlyCount "42"]
[EventDate "2011.??.??"]
[WhiteTeam "SK Herne-Sodingen 24"]
[BlackTeam "SC Buer-Hassel 1919"]

1. Nf3 d5 2. d4 Bf5 3. c4 e6 4. Qb3 dxc4 5. Qxc4 Nc6 6. Bf4 Nf6 7. e3 Bxb1 8.
Rxb1 Bb4+ 9. Ke2 Qd5 10. Qxd5 Nxd5 11. Bg3 f5 12. Ne5 Nxe5 13. Bxe5 O-O 14. g3
c6 15. Bg2 Rad8 16. Rhc1 Bd6 17. Bxd5 cxd5 18. Bxd6 Rxd6 19. Rc7 Rb6 20. b3 g5
21. Rbc1 Rf7 1/2-1/2

[Event "14. Off. Herner Stadtmeisterschaft 2011"]
[Site "?"]
[Date "2011.03.16"]
[Round "5.4"]
[White "Wickenfeld, Stefan"]
[Black "Barth, Hans-Joachim"]
[Result "1-0"]
[WhiteElo "1987"]
[BlackElo "1736"]
[PlyCount "65"]
[EventDate "2011.??.??"]
[WhiteTeam "SK Herne-Sodingen 24"]
[BlackTeam "SC Dolce Vita 93"]

1. d4 Nf6 2. Nf3 g6 3. g3 Bg7 4. Bg2 O-O 5. O-O d6 6. b3 e5 7. dxe5 Nfd7 8. Bb2
Nc6 9. c4 Ndxe5 10. Nxe5 Nxe5 11. Qc2 Bf5 12. Qd2 Qc8 13. Re1 Rb8 14. f4 Nc6
15. Bxg7 Kxg7 16. Bxc6 bxc6 17. e4 Bh3 18. Qd4+ Kg8 19. Qxa7 Qg4 20. Qf2 Qh5
21. Nc3 Qa5 22. Ne2 d5 23. Nd4 Rb6 24. Rac1 dxe4 25. Rxe4 Ra8 26. Re2 Rba6 27.
Rce1 Kg7 28. Nf3 Bg4 29. Qd4+ Kh6 30. Ne5 Bxe2 31. Nxf7+ Kh5 32. Rxe2 Kg4 33.
f5+ 1-0

[Event "14. Off. Herner Stadtmeisterschaft 2011"]
[Site "?"]
[Date "2011.03.16"]
[Round "5.6"]
[White "Josten, Severin Johannes"]
[Black "Fischöder, Heiko"]
[Result "1-0"]
[WhiteElo "1813"]
[BlackElo "1989"]
[PlyCount "61"]
[EventDate "2011.??.??"]
[WhiteTeam "SV SW Oberhausen"]
[BlackTeam "SV Unser Fritz W-E"]

1. e4 c5 2. Nf3 e6 3. d4 cxd4 4. Nxd4 a6 5. Bd3 Nf6 6. Qe2 d6 7. c4 Be7 8. Nc3
O-O 9. O-O Re8 10. Rd1 Qc7 11. Be3 Bf8 12. Rac1 Nbd7 13. Nf3 Qa5 14. Bf4 Nc5
15. Bb1 e5 16. Bg5 Ncd7 17. Nd5 Re6 18. b4 Qd8 19. c5 dxc5 20. bxc5 Qa5 21. Nd2
Rb8 22. Nc4 Qb5 23. Nc7 Qc6 24. Nxe6 Qxe6 25. Nd6 Nxc5 26. Rxc5 Bxd6 27. Rc3
Bd7 28. Bxf6 Qxf6 29. Qf3 Bb4 30. Qxf6 gxf6 31. Rg3+ 1-0

[Event "14. Off. Herner Stadtmeisterschaft 2011"]
[Site "?"]
[Date "2011.03.16"]
[Round "5.9"]
[White "Wimber, Hartmut"]
[Black "Brinkmann, Uwe"]
[Result "1-0"]
[WhiteElo "1889"]
[BlackElo "1950"]
[PlyCount "43"]
[EventDate "2011.??.??"]
[WhiteTeam "SV Recklinghausen-Süd"]
[BlackTeam "SV Günnigfeld 1922"]

1. d4 Nf6 2. c4 e6 3. Nf3 b6 4. g3 Bb7 5. Bg2 Be7 6. Nc3 O-O 7. O-O d5 8. cxd5
exd5 9. Bg5 Nbd7 10. Rc1 Re8 11. e3 h6 12. Bxf6 Bxf6 13. Nb5 Rc8 14. Nxa7 Ra8
15. Nb5 Rxa2 16. Nxc7 Re7 17. Qb3 Ra5 18. Rc2 Qb8 19. Rfc1 b5 20. Nxd5 Re8 21.
Nxf6+ Nxf6 22. Ne5 1-0

[Event "14. Off. Herner Stadtmeisterschaft 2011"]
[Site "?"]
[Date "2011.03.16"]
[Round "5.11"]
[White "Pütter, Pascal"]
[Black "Odenwald, Andreas"]
[Result "1-0"]
[WhiteElo "1971"]
[BlackElo "1590"]
[PlyCount "71"]
[EventDate "2011.??.??"]
[WhiteTeam "SV SW Oberhausen"]
[BlackTeam "SV Waltrop 1922"]

1. Nf3 Nc6 2. g3 Nf6 3. Bg2 e5 4. d3 d5 5. Nbd2 Bc5 6. O-O O-O 7. a3 a5 8. c4
e4 9. Ne1 e3 10. fxe3 Bxe3+ 11. Kh1 Ng4 12. cxd5 Nd4 13. Ne4 f5 14. h3 fxe4 15.
Rxf8+ Qxf8 16. hxg4 Bf2 17. e3 Qd6 18. exd4 Qxg3 19. Nf3 Bxg4 20. dxe4 Rf8 21.
Qf1 Rxf3 22. Bg5 h6 23. Bd8 g5 24. Bxc7 Qh4+ 25. Bh2 Bg3 26. Qg1 Bf2 27. Qc1
Rh3 28. Qc7 Rf3 29. Rf1 Rf7 30. Qb8+ Kg7 31. Qe5+ Kg8 32. d6 Bh3 33. Qe8+ Kg7
34. Be5+ Rf6 35. Bxf6+ Kxf6 36. Rxf2+ 1-0

[Event "14. Off. Herner Stadtmeisterschaft 2011"]
[Site "?"]
[Date "2011.03.16"]
[Round "5.12"]
[White "Funke, Eckhard"]
[Black "Maczkowiak, Thomas"]
[Result "1/2-1/2"]
[WhiteElo "1923"]
[BlackElo "1932"]
[PlyCount "40"]
[EventDate "2011.??.??"]
[WhiteTeam "SG Höntrop 1947"]
[BlackTeam "SG Ennepe-Ruhr-Süd"]

1. d4 Nf6 2. c4 g6 3. Nc3 d5 4. cxd5 Nxd5 5. e4 Nxc3 6. bxc3 Bg7 7. Bb5+ c6 8.
Ba4 O-O 9. Nf3 b5 10. Bb3 Bb7 11. O-O c5 12. e5 b4 13. Bb2 bxc3 14. Bxc3 cxd4
15. Qxd4 Qxd4 16. Bxd4 Bxf3 17. gxf3 Nc6 18. Rad1 Nxd4 19. Rxd4 Bxe5 20. Rd7
Bd6 1/2-1/2

[Event "14. Off. Herner Stadtmeisterschaft 2011"]
[Site "?"]
[Date "2011.03.16"]
[Round "5.13"]
[White "Göldenboog, Jürgen"]
[Black "Wiesemann, Peter"]
[Result "1/2-1/2"]
[WhiteElo "1990"]
[BlackElo "1697"]
[PlyCount "37"]
[EventDate "2011.??.??"]
[WhiteTeam "SV Horst-Emscher 31"]
[BlackTeam "Elberfelder SG"]

1. d4 d5 2. c4 e6 3. Nc3 Nf6 4. Bg5 Nbd7 5. Nf3 Be7 6. e3 O-O 7. Be2 b6 8. O-O
Bb7 9. Rc1 dxc4 10. Bxc4 c5 11. Qe2 Nd5 12. Bxe7 Qxe7 13. Rfd1 Rac8 14. Ne5
Nxc3 15. Rxc3 Nxe5 16. dxe5 Rfd8 17. Rcd3 Rxd3 18. Rxd3 Rd8 19. Qd1 1/2-1/2

[Event "14. Off. Herner Stadtmeisterschaft 2011"]
[Site "?"]
[Date "2011.03.16"]
[Round "5.14"]
[White "Scheibe, Werner"]
[Black "Böcker, Jürgen"]
[Result "1-0"]
[WhiteElo "1873"]
[BlackElo "1690"]
[PlyCount "37"]
[EventDate "2011.??.??"]
[WhiteTeam "SK Herne-Sodingen 24"]
[BlackTeam "Velberter SG"]

1. e4 e5 2. Nf3 Nf6 3. Nc3 Nc6 4. Bb5 Nd4 5. Ba4 Bc5 6. O-O O-O 7. d3 Nxf3+ 8.
Qxf3 h6 9. h3 Qe7 10. Bb3 c6 11. g4 Nh7 12. Kh2 d6 13. Ne2 Be6 14. Ng3 Ng5 15.
Qg2 Bxb3 16. axb3 g6 17. Be3 Ne6 18. Bxh6 Qh4 19. Nf5 1-0

[Event "14. Off. Herner Stadtmeisterschaft 2011"]
[Site "?"]
[Date "2011.03.16"]
[Round "5.16"]
[White "Domnik, Roland"]
[Black "Kowalczyk, Frank"]
[Result "1/2-1/2"]
[WhiteElo "1715"]
[BlackElo "1796"]
[PlyCount "51"]
[EventDate "2011.??.??"]
[WhiteTeam "SC Gerthe 46"]
[BlackTeam "SK Herne-Sodingen 24"]

1. d4 d5 2. c4 e6 3. Nc3 Nf6 4. Nf3 Be7 5. e3 O-O 6. Bd3 Nbd7 7. O-O dxc4 8.
Bxc4 c5 9. dxc5 Bxc5 10. Qc2 a6 11. Rd1 Qe7 12. a3 b5 13. Be2 Bb7 14. b4 Ba7
15. Bb2 Rac8 16. Rd2 Rc7 17. Qd1 Rfc8 18. Rc1 h6 19. Bd3 Nb6 20. Ne5 Nbd7 21.
Nxd7 Nxd7 22. Ne2 Rxc1 23. Nxc1 Qg5 24. g3 Nf8 25. h4 Qe7 26. Be2 1/2-1/2

[Event "14. Off. Herner Stadtmeisterschaft 2011"]
[Site "?"]
[Date "2011.03.16"]
[Round "5.18"]
[White "Burosch, Raimund"]
[Black "Wenzel, Martin"]
[Result "0-1"]
[WhiteElo "1254"]
[BlackElo "1891"]
[PlyCount "72"]
[EventDate "2011.??.??"]
[WhiteTeam "SV Unna 1924"]
[BlackTeam "SF Buer 21/74"]

1. e4 e5 2. Nf3 Nf6 3. d3 Nc6 4. Nbd2 d5 5. g3 dxe4 6. dxe4 Bc5 7. Bg2 O-O 8.
O-O Qe7 9. Qe2 Bg4 10. h3 Nd4 11. Qd1 Nxf3+ 12. Nxf3 Bh5 13. g4 Bg6 14. Nd2
Rad8 15. Qf3 h5 16. g5 Ne8 17. h4 c6 18. Re1 f6 19. Qg3 fxg5 20. Rf1 Rf4 21.
Qxg5 Rg4 22. Qxe7 Bxe7 23. f3 Rxh4 24. Nb3 Bf7 25. Be3 b6 26. Kf2 g5 27. Rac1
g4 28. c4 gxf3 29. Bxf3 Nd6 30. Rg1+ Kh7 31. Bg5 Bxg5 32. Rxg5 Nxe4+ 33. Bxe4+
Rxe4 34. Rcg1 Bg6 35. Rxg6 Rf8+ 36. Kg3 Kxg6 0-1

[Event "14. Off. Herner Stadtmeisterschaft 2011"]
[Site "?"]
[Date "2011.03.16"]
[Round "5.20"]
[White "Stratmann, Lars"]
[Black "Pohl, Martin"]
[Result "1/2-1/2"]
[WhiteElo "1385"]
[BlackElo "1700"]
[PlyCount "34"]
[EventDate "2011.??.??"]
[WhiteTeam "SV SW Oberhausen"]
[BlackTeam "SV Unser Fritz W-E"]

1. d4 d5 2. Bf4 Nf6 3. Nf3 Bf5 4. h3 h6 5. e3 e6 6. Be2 c5 7. c3 Bd6 8. Bxd6
Qxd6 9. Qb3 Nbd7 10. Qxb7 O-O 11. b3 c4 12. Qb5 Rfb8 13. Qa4 Rb6 14. b4 Bxb1
15. Rxb1 Ra6 16. Qc2 Ra3 17. Nd2 Nb6 1/2-1/2

[Event "14. Off. Herner Stadtmeisterschaft 2011"]
[Site "?"]
[Date "2011.03.16"]
[Round "5.23"]
[White "Pohl, Markus"]
[Black "Remshagen, Peter"]
[Result "0-1"]
[WhiteElo "1521"]
[BlackElo "1552"]
[PlyCount "92"]
[EventDate "2011.??.??"]
[WhiteTeam "SV Unser Fritz W-E"]
[BlackTeam "SG Höntrop 1947"]

1. Nf3 g6 2. d4 Bg7 3. Bf4 Nf6 4. c4 O-O 5. Nc3 d6 6. h3 Nbd7 7. e3 b6 8. Be2
Bb7 9. O-O Ne4 10. Qc2 Nxc3 11. Qxc3 c5 12. Rad1 cxd4 13. exd4 d5 14. Qa3 dxc4
15. Bxc4 Bxf3 16. Qxf3 e6 17. Ba6 Qe7 18. Qc6 Nf6 19. Bd6 Qd7 20. Qxd7 Nxd7 21.
Bxf8 Kxf8 22. Rd3 Ke7 23. Rc1 Kd6 24. f3 Re8 25. Bb5 Rd8 26. Rc6+ Ke7 27. Rc7
a5 28. Rxd7+ Rxd7 29. Bxd7 Kxd7 30. f4 Kd6 31. Kf2 h6 32. a4 g5 33. g3 Kd5 34.
Ke3 f5 35. fxg5 hxg5 36. h4 f4+ 37. gxf4 gxh4 38. b3 Bf6 39. f5 exf5 40. Kf4
Bxd4 41. Kxf5 Kc5 42. Rf3 Kb4 43. Kg4 Bc3 44. Kxh4 Kxb3 45. Rf4 Bb4 46. Rf6 Be7
0-1